UBT Library

Contemporary sociological theories / (Record no. 47115)

000 -LEADER
fixed length control field 00540pam a2200217 i 4500
001 - CONTROL NUMBER
control field 2721031
005 - DATE AND TIME OF LATEST TRANSACTION
control field 20180814064949.0
008 - FIXED-LENGTH DATA ELEMENTS--GENERAL INFORMATION
fixed length control field 771018s1978 cau b 000 0 eng
010 ## - LIBRARY OF CONGRESS CONTROL NUMBER
LC control number 77016597
020 ## - INTERNATIONAL STANDARD BOOK NUMBER
International Standard Book Number 0876201389
040 ## - CATALOGING SOURCE
Original cataloging agency DLC
Transcribing agency DLC
Modifying agency DLC
041 ## - LANGUAGE CODE
Language code of text/sound track or separate title eng
080 ## - UNIVERSAL DECIMAL CLASSIFICATION NUMBER
Universal Decimal Classification number 301
082 00 - DEWEY DECIMAL CLASSIFICATION NUMBER
Classification number 301
100 ## - Rafti
Rafti 51
101 ## - Shkurtesa
Shkurtesa SOC
245 00 - TITLE STATEMENT
Title Contemporary sociological theories /
Statement of responsibility, etc edited by Alan Wells.
504 ## - BIBLIOGRAPHY, ETC. NOTE
Bibliography, etc Includes bibliographies.
906 ## - LOCAL DATA ELEMENT F, LDF (RLIN)
a 7
b cbc
c orignew
d 1
e ocip
f 19
g y-gencatlg
942 ## - ADDED ENTRY ELEMENTS (KOHA)
Source of classification or shelving scheme
Item type Books
Holdings
Withdrawn status Lost status Source of classification or shelving scheme Damaged status Not for loan Collection code Permanent location Current location Date acquired Total Checkouts Full call number Barcode Date last seen Price effective from Koha item type
          Koleksioni i përgjithshem UBT - Lipjan UBT - Lipjan 08/14/2018   301 ALA 002-3011001 08/14/2018 08/14/2018 Books
UBT Library © 2015-2024. All rights reserved University Education for Business and Technology